Państwa kończące się na -ka - Statystyki

Ogólne statystyki
  • Ten quiz został rozwiązany 66 razy
    48 od ostatniego zresetowania
  • Średni wynik to 4 z 8
Statystyki odpowiedzi
Hint Odpowiedź % Poprawnych
Europa Polska
98%
Ameryka Północna Kostaryka
58%
Ameryka Północna Dominika
53%
Ameryka Północna Jamajka
49%
Azja Arabia Saudyjska
44%
Azja Sri Lanka
42%
Afryka Republika Środkowoafrykańska
35%
Afryka Wyspy Zielonego Przylądka
21%
Nie znaleziono quizów pasujących do podanych kryteriów
Rozkład punktacji
Procent ludzi z każdym wynikiem
Percentyl według liczby udzielonych odpowiedzi
Twoja historia wyników
Nie rozwiązałeś tego quizu od ostatniego zresetowania